UM Logo

Semiconductor physics : (Record no. 14573)

MARC details
000 -LEADER
fixed length control field 00742nam a22002057a 4500
008 - FIXED-LENGTH DATA ELEMENTS--GENERAL INFORMATION
fixed length control field 191014b ||||| |||| 00| 0 eng d
020 ## - INTERNATIONAL STANDARD BOOK NUMBER
International Standard Book Number 978-1-63240-839-6
082 ## - DEWEY DECIMAL CLASSIFICATION NUMBER
Edition number 2019
Classification number DC 621.38152
Item number Se52
245 ## - TITLE STATEMENT
Title Semiconductor physics :
Remainder of title devices and technology/
Statement of responsibility, etc. Edited by Karla Hodges
260 ## - PUBLICATION, DISTRIBUTION, ETC. (IMPRINT)
Place of publication, distribution, etc. New York, NY :
Name of publisher, distributor, etc. Clanrye International,
Date of publication, distribution, etc. ©2019.
300 ## - PHYSICAL DESCRIPTION
Extent vii, 274 pages :
Other physical details color illustrations;
Dimensions 26 cm
440 ## - SERIES STATEMENT/ADDED ENTRY--TITLE
Title Edu-Tech Learning
9 (RLIN) 35270
500 ## - GENERAL NOTE
General note Includes bibliographical references and index.
650 ## - SUBJECT ADDED ENTRY--TOPICAL TERM
Topical term or geographic name as entry element Semiconductors
9 (RLIN) 25236
650 ## - SUBJECT ADDED ENTRY--TOPICAL TERM
Topical term or geographic name as entry element Electrical engineering
Form subdivision Materials
9 (RLIN) 40303
650 ## - SUBJECT ADDED ENTRY--TOPICAL TERM
Topical term or geographic name as entry element Electronics
Form subdivision Materials
9 (RLIN) 40304
700 ## - ADDED ENTRY--PERSONAL NAME
Personal name Hodges, Karla
Relator term Editor
9 (RLIN) 40305
365 ## - TRADE PRICE
Price amount 5,637.00
Currency code Php
942 ## - ADDED ENTRY ELEMENTS (KOHA)
Source of classification or shelving scheme Dewey Decimal Classification
Koha item type Circulation
Holdings
Withdrawn status Lost status Source of classification or shelving scheme Damaged status Not for loan Collection code Home library Current library Date acquired Source of acquisition Cost, normal purchase price Total Checkouts Full call number Barcode Date last seen Copy number Price effective from Koha item type
    Dewey Decimal Classification     Circulation UM Digos College - LIC UM Digos College - LIC 08/08/2019 Purchased 5637.00   DC 621.38152 Se52 2019 25720 05/15/2025 1 10/14/2019 Circulation